[Event "Challenge"]
[Site "http://www.queenalice.com/game.php?id=694162"]
[Date "2009.12.7"]
[Round "-"]
[White "gilgue30"]
[Black "Kalessin"]
[Result "1/2-1/2"]
[WhiteElo "1999"]
[BlackElo "1997"]

1. e4 c6 2. d4 d5 3. exd5 cxd5 4. Bd3 Nc6 5. c3 e6 6. Bf4 Qb6 7. Qc2 Bd7 8. Nf3
Nf6 9. O-O Rc8 10. Nbd2 Be7 11. Rfe1 Nb4 12. Qb1 Nxd3 13. Qxd3 Bb5 14. Qc2 Qa6
15. Ne5 O-O 16. a4 Be8 17. Qd3 Qxd3 18. Nxd3 a5 19. h3 Bc6 20. Ne5 Bd6 21. Nxc6
Rxc6 22. Bxd6 Rxd6 23. Ra3 Rb6 24. Rb3 Rxb3 25. Nxb3 b6 26. Nd2 Rb8 27. f3 h6
28. Rb1 g5 29. Nf1 b5 30. axb5 Rxb5 31. b4 Ne8 32. Nd2 Nc7 33. bxa5 Rxa5 34. Nb3
Rb5 35. Nd2 Rxb1+ 36. Nxb1 Nb5 37. Kf2 Kf8 38. Ke3 Ke7 39. Kd3 f5 40. c4 dxc4+
41. Kxc4 Nd6+ 42. Kc5 f4 43. Nd2 Nf5 44. Ne4 Ne3 45. g4 fxg3 46. Nxg3 Ng2 47.
Nh1 Nf4 48. Nf2 Kd7 49. Kc4 Kc6 50. Ng4 h5 51. Nf2 Kd7 52. Kc3 Kc6 53. Kc4 h4
54. Ng4 Nxh3 55. Kd3 Kd6 56. Ke4 Nf4 57. Nh2 Ng2 58. Ng4 h3 59. Nh2 Nf4 60. Ng4
Nh5 61. Nh2 Ng3+ 62. Ke3 Kd5 63. f4 Nf5+ 64. Kf3 Nxd4+ 65. Kg4 gxf4 66. Kxf4 e5+
67. Kg3 e4 68. Ng4 Kc4 69. Kxh3 Kd3 70. Nf2+ Ke3 71. Nxe4 Kxe4 72. Kg4 1/2-1/2

[Event "Challenge"]
[Site "http://www.queenalice.com/game.php?id=705475"]
[Date "2009.12.29"]
[Round "-"]
[White "Nyvang"]
[Black "gilgue30"]
[Result "0-1"]
[WhiteElo "1865"]
[BlackElo "1847"]

1. d4 Nf6 2. Nc3 d5 3. h3 Nc6 4. Bf4 a6 5. a3 g6 6. e3 Bg7 7. Nf3 O-O 8. Bd3 Re8
9. O-O Nh5 10. Bh2 e5 11. e4 Nf4 12. dxe5 Nxd3 13. Qxd3 dxe4 14. Qxe4 Bf5 15.
Qe2 Nd4 16. Rad1 Nxe2+ 0-1

[Event "Challenge"]
[Site "http://www.queenalice.com/game.php?id=705760"]
[Date "2009.12.30"]
[Round "-"]
[White "gilgue30"]
[Black "Nyvang"]
[Result "1-0"]
[WhiteElo "1889"]
[BlackElo "1865"]

1. e4 g6 2. Nf3 b6 3. Nc3 Bg7 4. Bc4 e6 5. Qe2 Bb7 6. O-O Ne7 7. d4 d5 8. exd5
exd5 9. Bb5+ Nc6 10. Bg5 f6 11. Bh4 O-O 12. Rfe1 Nf5 13. Bxc6 Bxc6 14. Qe6+ Kh8
15. Qxc6 Nxh4 16. Nxh4 f5 17. Nf3 Rf6 18. Qb5 a6 19. Qd3 c6 20. Re2 f4 21. Rae1
Rf8 22. Ne5 Qg5 23. Qf3 c5 24. dxc5 bxc5 25. Nxd5 Rf5 26. Ne7 Qxe7 27. Nxg6+ 1-0

[Event "AUTO-ADV-1595"]
[Site "http://www.queenalice.com/game.php?id=707177"]
[Date "2010.1.2"]
[Round "1"]
[White "thw"]
[Black "gilgue30"]
[Result "0-1"]
[WhiteElo "1943"]
[BlackElo "1952"]

1. e4 e5 2. Nf3 Nc6 3. Bb5 Bc5 4. O-O Nd4 5. Nxd4 Bxd4 6. c3 Bb6 7. d4 exd4 8.
cxd4 c6 9. Bc4 Qf6 10. Nc3 Bxd4 11. e5 Bxe5 12. Re1 Ne7 13. Ne4 Qg6 14. Ng5 d5
15. Bb3 Bf6 16. Nf3 Bg4 17. h3 Bxh3 0-1

[Event "AUTO-ADV-1595"]
[Site "http://www.queenalice.com/game.php?id=707178"]
[Date "2010.1.2"]
[Round "1"]
[White "gilgue30"]
[Black "thw"]
[Result "1-0"]
[WhiteElo "1999"]
[BlackElo "1861"]

1. e4 e6 2. d4 d5 3. exd5 exd5 4. Bd3 Nf6 5. Qe2+ Be7 6. Nf3 O-O 7. h3 Re8 8.
O-O c6 9. Be3 Be6 10. c3 Nbd7 11. Qc2 h6 12. Nh4 b5 13. Nf5 Bxf5 14. Bxf5 Bd6
15. Nd2 Qc7 16. Rfe1 Re7 17. Bd3 Rae8 18. Nf3 a5 19. Nh4 Nf8 20. Nf5 Re6 21. b3
Bf4 22. Re2 Bxe3 23. Rxe3 Rxe3 24. Nxe3 Ne4 25. c4 Nd7 26. cxb5 1-0

[Event "AUTO-ADV-1595"]
[Site "http://www.queenalice.com/game.php?id=707193"]
[Date "2010.1.2"]
[Round "1"]
[White "gilgue30"]
[Black "zemorais"]
[Result "1-0"]
[WhiteElo "1982"]
[BlackElo "1830"]

1. e4 e5 2. Nf3 Nc6 3. Bb5 a6 4. Ba4 b5 5. Bb3 Nf6 6. a3 Be7 7. Nc3 Na5 8. Ba2
c5 9. d3 O-O 10. Nd5 Bb7 11. Nxf6+ Bxf6 12. O-O Nc6 13. Be3 Nd4 14. c3 Nxf3+ 15.
Qxf3 d6 16. Rad1 Rc8 17. Qe2 Qc7 18. Qg4 Rcd8 19. Bd5 Bxd5 20. exd5 Qb7 21. d4
exd4 22. cxd4 c4 23. Bg5 Bxg5 24. Qxg5 h6 25. Qf5 g6 26. Qf3 Rfe8 27. Rfe1 Rxe1+
28. Rxe1 Qb6 29. Qf6 Qa5 30. Re7 Rf8 31. Qf3 Qd2 32. Qc3 Qg5 33. Qe3 Qxd5 34.
Qe4 Qxe4 35. Rxe4 d5 36. Re5 Rd8 37. Kf1 Rd6 38. Ke2 Re6 39. Ke3 Rxe5+ 40. dxe5
Kf8 41. Kd4 Ke7 42. Kxd5 g5 43. Kc6 Ke6 44. Kb6 Kxe5 45. Kxa6 b4 46. axb4 Kd6
47. b5 Kc7 48. Ka7 c3 49. bxc3 f5 50. b6+ Kc8 51. b7+ 1-0

[Event "AUTO-ADV-1595"]
[Site "http://www.queenalice.com/game.php?id=707194"]
[Date "2010.1.2"]
[Round "1"]
[White "zemorais"]
[Black "gilgue30"]
[Result "0-1"]
[WhiteElo "1868"]
[BlackElo "1923"]

1. d4 Nf6 2. c4 e6 3. a3 d5 4. e3 Be7 5. Bd3 c5 6. Nf3 Nc6 7. O-O Bd7 8. Ne5
Nxe5 9. dxe5 Ng8 10. cxd5 exd5 11. Nc3 Bc6 12. Qg4 g6 13. e4 dxe4 14. Nxe4 Qxd3
15. Nd6+ Kf8 16. Bg5 Qb3 17. Bxe7+ Nxe7 18. Qf4 Qe6 19. Rad1 Kg7 20. Rfe1 Nf5
21. Nxf5+ Qxf5 22. Qc4 Rad8 23. Rd6 Qg5 24. g3 Rxd6 25. exd6 Qd5 26. Qxd5 Bxd5
27. Rd1 Bc6 28. d7 Rd8 29. Rd3 Rxd7 30. Rxd7 Bxd7 31. f4 f5 32. Kf2 Kf6 33. Ke3
Ke6 34. Kd3 Kd5 35. Kc3 b5 36. h3 a5 37. b3 b4+ 38. axb4 cxb4+ 39. Kd3 a4 40.
bxa4 Bxa4 41. g4 b3 42. Kc3 Ke4 43. gxf5 gxf5 44. h4 Kxf4 45. h5 h6 46. Kb2 Ke4
0-1

[Event "AUTO-ADV-1595"]
[Site "http://www.queenalice.com/game.php?id=707195"]
[Date "2010.1.2"]
[Round "1"]
[White "gilgue30"]
[Black "lesganareatodos"]
[Result "1-0"]
[WhiteElo "1998"]
[BlackElo "1705"]

1. e4 e5 2. Nf3 Nc6 3. Bb5 f5 4. Nc3 fxe4 5. Nxe4 d5 6. Ng3 Bg4 7. h3 Bxf3 8.
Qxf3 Nf6 9. O-O Bd6 10. Nf5 O-O 11. Qg3 Qd7 12. Nxd6 1-0

[Event "AUTO-ADV-1595"]
[Site "http://www.queenalice.com/game.php?id=707196"]
[Date "2010.1.2"]
[Round "1"]
[White "lesganareatodos"]
[Black "gilgue30"]
[Result "0-1"]
[WhiteElo "1705"]
[BlackElo "2004"]

1. d4 d5 2. c4 e6 3. Nf3 Nf6 4. Nc3 Be7 5. Bg5 c6 6. cxd5 exd5 7. Qc2 h6 8. Bh4
Be6 9. e3 Nbd7 10. Bd3 Qc7 11. O-O Bd6 0-1

[Event "AUTO-MASTER-1029"]
[Site "http://www.queenalice.com/game.php?id=722623"]
[Date "2010.1.30"]
[Round "1"]
[White "heidy"]
[Black "gilgue30"]
[Result "1-0"]
[WhiteElo "2264"]
[BlackElo "2006"]

1. e4 c5 2. Nf3 Nc6 3. d4 cxd4 4. Nxd4 Nf6 5. Nc3 d6 6. Be3 g6 7. f3 Bg7 8. Bc4
O-O 9. Qd2 e6 10. h4 Bd7 11. O-O-O Nxd4 12. Bxd4 Qa5 13. Kb1 Rac8 14. Bb3 Rfd8
15. h5 1-0

[Event "AUTO-MASTER-1029"]
[Site "http://www.queenalice.com/game.php?id=722624"]
[Date "2010.1.30"]
[Round "1"]
[White "gilgue30"]
[Black "heidy"]
[Result "0-1"]
[WhiteElo "2016"]
[BlackElo "2257"]

1. d4 Nf6 2. Nf3 g6 3. g3 Bg7 4. Bg2 d5 5. O-O O-O 6. Bf4 c6 7. Nc3 Nbd7 8. Qd2
Re8 9. Rfe1 Nh5 10. Bh6 e5 11. Bxg7 Nxg7 12. Nxe5 Nxe5 13. dxe5 Rxe5 14. e4 d4
0-1

[Event "AUTO-MASTER-1029"]
[Site "http://www.queenalice.com/game.php?id=722641"]
[Date "2010.1.30"]
[Round "1"]
[White "gilgue30"]
[Black "Tonto"]
[Result "1/2-1/2"]
[WhiteElo "2040"]
[BlackElo "1962"]

1. d4 d6 2. Nf3 h6 3. Nc3 Nc6 4. e3 Nf6 5. Be2 e6 6. O-O Be7 7. e4 a6 8. h3 b5
9. Be3 Qd7 10. e5 dxe5 11. Nxe5 Nxe5 12. dxe5 Qxd1 13. Raxd1 Nd7 14. f4 Bb7 15.
Bf3 Bxf3 16. Rxf3 Rd8 17. Ne4 O-O 18. Bf2 Nb8 19. Rfd3 Nc6 20. a3 Na5 21. Rxd8
Bxd8 22. b3 Be7 23. Bc5 Bxc5+ 24. Nxc5 Ra8 25. Rd7 Nc6 26. Rxc7 Nd4 27. Nd3 a5
28. Kf2 a4 29. b4 Rd8 30. Kf1 Nxc2 31. Rxc2 Rxd3 32. Rc5 Rxa3 33. Rxb5 Rb3 34.
Rb8+ Kh7 35. b5 a3 36. Ra8 Rb1+ 37. Kf2 Rb2+ 38. Kg3 a2 39. b6 Kg6 40. b7 Kf5
41. Rxa2 Rxb7 42. Rf2 Rb3+ 43. Rf3 Rxf3+ 44. Kxf3 h5 45. g4+ hxg4+ 46. hxg4+ Kg6
47. Ke4 Kh6 48. Kd4 g5 49. f5 exf5 50. gxf5 g4 51. Ke4 Kg5 1/2-1/2

[Event "AUTO-MASTER-1029"]
[Site "http://www.queenalice.com/game.php?id=722642"]
[Date "2010.1.30"]
[Round "1"]
[White "Tonto"]
[Black "gilgue30"]
[Result "0-1"]
[WhiteElo "1961"]
[BlackElo "2055"]

1. d4 Nf6 2. Nc3 e6 3. Nf3 Be7 4. e4 d5 5. e5 Nfd7 6. Be2 a6 7. Be3 c5 8. Na4
cxd4 9. Bxd4 Qa5+ 10. c3 b5 11. Nc5 Nxc5 12. b4 Qc7 13. bxc5 Bxc5 14. Rc1 Ba3
15. Rb1 Nc6 16. O-O Bb7 17. Qd2 Qe7 18. Qe3 Na5 19. Nd2 Nc4 20. Nxc4 dxc4 21.
Bf3 Bxf3 22. Qxf3 O-O 23. Rbd1 Rfd8 24. Rde1 Rd5 25. Re4 Rad8 26. Rd1 Bc5 27. h3
h6 28. g3 Bxd4 29. cxd4 Qa7 30. Qe3 Kf8 31. h4 Qe7 32. Kg2 a5 33. Rc1 Qa7 34.
Rd1 b4 35. Rf4 Qb7 36. Qe4 R5d7 37. Qxb7 Rxb7 38. g4 c3 39. Kf1 Rb5 40. Ke2 Ke7
41. Kd3 Rxe5 42. Kc4 Re2 43. a3 Rc8+ 44. Kd3 Rb2 45. axb4 axb4 46. Re4 Rd8 47.
Ree1 Kf6 48. f4 Rc8 49. Rc1 Rd2+ 50. Ke3 Rc4 51. Red1 Rcxd4 52. Rxd2 Rxd2 53.
Rb1 Rb2 54. Rc1 e5 0-1

[Event "AUTO-MASTER-1029"]
[Site "http://www.queenalice.com/game.php?id=722643"]
[Date "2010.1.30"]
[Round "1"]
[White "gilgue30"]
[Black "ycodark"]
[Result "1-0"]
[WhiteElo "2009"]
[BlackElo "1709"]

1. d4 Nf6 2. Nf3 g6 3. g3 Bg7 4. Bg2 d5 5. O-O O-O 6. Bf4 Re8 7. Nc3 a6 8. Qd2
Nbd7 9. Rad1 Nh5 10. Bh6 Nb6 11. Bxg7 Kxg7 12. Ne5 Bd7 13. e4 dxe4 14. Nxd7 Qxd7
15. Nxe4 c6 16. Rfe1 Nf6 17. Qg5 Nxe4 18. Rxe4 Nd5 19. Rh4 Rh8 20. Re4 f6 21.
Qd2 e6 22. Rde1 Rae8 23. Bh3 f5 24. Re5 Rhf8 25. Qe2 Rf6 26. Bg2 Re7 27. c4 Nb6
28. d5 cxd5 29. cxd5 Kf7 30. Kf1 Na4 31. dxe6+ Rfxe6 32. Bd5 Nc5 33. Bxe6+ Nxe6
34. Qc4 Kf6 35. Qh4+ Kg7 36. Qc4 b5 37. Qd5 Qxd5 38. Rxd5 Kf6 39. Rd6 a5 40. Ra6
Kf7 41. Rxa5 Rb7 42. Re5 Nd4 43. Rd5 Nc2 44. Raxb5 Ra7 45. a3 Re7 46. Rd1 1-0

[Event "AUTO-MASTER-1029"]
[Site "http://www.queenalice.com/game.php?id=722644"]
[Date "2010.1.30"]
[Round "1"]
[White "ycodark"]
[Black "gilgue30"]
[Result "0-1"]
[WhiteElo "2007"]
[BlackElo "2009"]

1. e4 c5 2. Nf3 Nc6 3. Nc3 d6 4. d4 cxd4 5. Nxd4 Nf6 6. Be3 e6 7. Qf3 Bd7 8.
Nxc6 bxc6 9. e5 Nd5 10. Ne4 Nxe3 11. Nxd6+ Bxd6 12. Qxe3 Qa5+ 13. c3 Qxe5 14.
Qxe5 Bxe5 15. Rd1 Rb8 16. Rd2 Ke7 17. Re2 Bf6 18. g3 Rb6 19. Kd1 Rhb8 20. Kc1 c5
21. Bg2 Bc6 22. f3 Ra6 23. a3 Bd5 24. Rd1 Bb3 25. Rdd2 Rd6 26. Rxd6 Kxd6 27. f4
Rd8 28. Be4 Kc7 29. Bc2 Bxc2 30. Kxc2 Rd5 31. Kb3 Be7 32. Kc4 Kc6 33. b4 cxb4
34. axb4 a5 35. Ra2 axb4 36. cxb4 h6 37. Ra7 Rd7 38. b5+ Kd6 39. Ra6+ Kc7 40.
Ra7+ Kc8 41. Ra8+ Kb7 42. Ra5 Rc7+ 43. Kd4 Kb6 44. Ra2 Kxb5 0-1

[Event "AUTO-INT-1503"]
[Site "http://www.queenalice.com/game.php?id=728318"]
[Date "2010.2.8"]
[Round "2"]
[White "danote"]
[Black "gilgue30"]
[Result "0-1"]
[WhiteElo "1707"]
[BlackElo "2013"]

1. d4 Nf6 2. Nc3 d5 3. Bf4 c6 4. Be5 Nbd7 5. Nf3 Nxe5 6. dxe5 Nd7 7. e3 Qc7 8.
Qd4 e6 9. Qf4 f6 10. exf6 Qxf4 11. exf4 Nxf6 12. g3 Bb4 13. a3 Ba5 14. b4 Bb6
15. Bd3 O-O 16. h4 Ng4 17. Rf1 e5 18. Ng5 Bf5 19. Na4 Bxd3 20. cxd3 exf4 21.
Nxb6 axb6 22. a4 h6 23. Nh3 Rfe8+ 24. Kd2 fxg3 25. fxg3 Rf8 26. Rf4 Rxf4 27.
Nxf4 Kf7 28. h5 Ne5 29. d4 Nc4+ 30. Kc3 Re8 31. b5 Re3+ 32. Kb4 Rxg3 33. Rf1 Nd2
34. Re1 Rb3# 0-1

[Event "AUTO-INT-1503"]
[Site "http://www.queenalice.com/game.php?id=728319"]
[Date "2010.2.8"]
[Round "2"]
[White "gilgue30"]
[Black "danote"]
[Result "1-0"]
[WhiteElo "2028"]
[BlackElo "1678"]

1. d4 Nf6 2. Nf3 d6 3. g3 e5 4. dxe5 Ne4 5. Bg2 d5 6. O-O c5 7. Nfd2 Bf5 8. Nxe4
dxe4 9. Qxd8+ Kxd8 10. Bg5+ Kc8 11. Nc3 Nc6 12. Bxe4 Bxe4 13. Nxe4 Nxe5 14. Rad1
f6 15. Be3 b6 16. b3 Kb7 17. Rd5 Kc6 18. Rfd1 Kb5 19. a4+ Kc6 20. Bf4 Re8 21.
Nd6 Re6 22. Bxe5 fxe5 23. Nf7 Rd6 24. Nxd6 Bxd6 25. Rxd6+ Kc7 26. Rd7+ Kb8 27.
Rd8+ Rxd8 28. Rxd8+ Kc7 29. Rg8 1-0

[Event "AUTO-INT-1503"]
[Site "http://www.queenalice.com/game.php?id=728322"]
[Date "2010.2.8"]
[Round "2"]
[White "gilgue30"]
[Black "Prof_Odair"]
[Result "1-0"]
[WhiteElo "2033"]
[BlackElo "1694"]

1. d4 Nf6 2. Nf3 d5 3. g3 c5 4. Bg2 Nc6 5. O-O g6 6. Bf4 Bg7 7. c3 O-O 8. Nbd2
h6 9. dxc5 Re8 10. Ne5 Nxe5 11. Bxe5 Bf5 12. Nf3 Qd7 13. Qb3 Bh3 14. Rad1 Bxg2
15. Kxg2 e6 16. Qc2 Qc6 17. Rfe1 Qxc5 18. Bd4 Qa5 19. Qb3 Qc7 20. Be5 Qd7 21. e4
Qc8 22. exd5 Nxd5 23. Bxg7 Kxg7 24. Qa4 Nb6 25. Qd4+ f6 26. Qe4 Nc4 27. Nd2 Nxd2
28. Rxd2 Qc6 29. Qxc6 bxc6 30. Rd6 Rab8 31. b3 a5 32. Rxc6 e5 33. Rd1 Re7 34.
Ra6 Rb5 35. c4 Rc5 36. Rdd6 Rf7 37. Rd8 f5 38. Rdd6 1-0

[Event "AUTO-INT-1503"]
[Site "http://www.queenalice.com/game.php?id=728323"]
[Date "2010.2.8"]
[Round "2"]
[White "Prof_Odair"]
[Black "gilgue30"]
[Result "0-1"]
[WhiteElo "1821"]
[BlackElo "2000"]

1. e4 c5 2. Nf3 Nc6 3. d4 cxd4 4. Nxd4 g6 5. Nxc6 dxc6 6. Nc3 Be6 7. Be3 Qxd1+
8. Nxd1 Bg7 9. c3 Nf6 10. Bd3 O-O 11. O-O Rfd8 12. Be2 Nxe4 13. b4 Nxc3 14. Nxc3
Bxc3 15. Rad1 Bxa2 16. Rxd8+ Rxd8 17. Bxa7 Bd4 18. Bxd4 Rxd4 19. b5 Bc4 20. Bxc4
Rxc4 21. bxc6 Rxc6 22. h3 b5 23. Rb1 Rb6 24. Re1 e6 25. f4 b4 26. g4 b3 27. Rb1
Kg7 28. Kg2 b2 29. h4 f5 30. gxf5 exf5 31. Kf2 Kf6 0-1

[Event "AUTO-ADV-1595"]
[Site "http://www.queenalice.com/game.php?id=776927"]
[Date "2010.5.17"]
[Round "2"]
[White "reginaldox"]
[Black "gilgue30"]
[Result "0-1"]
[WhiteElo "1754"]
[BlackElo "2051"]

1. b4 e5 2. Bb2 Bxb4 3. Bxe5 Nf6 4. Nf3 Nc6 5. Bb2 d5 6. e3 Bd7 7. Be2 O-O 8.
O-O Re8 9. c4 Bd6 10. cxd5 Nxd5 11. d3 Ne5 12. Nbd2 Nf6 13. d4 Nxf3+ 14. Nxf3
Ne4 15. Bd3 c6 16. Bxe4 Rxe4 17. d5 Qe7 18. Rc1 h6 19. Re1 Ba3 20. d6 Bxd6 21.
Qb3 Qe6 22. Qc2 Qg6 23. Nh4 Rxh4 0-1

[Event "AUTO-ADV-1595"]
[Site "http://www.queenalice.com/game.php?id=776928"]
[Date "2010.5.17"]
[Round "2"]
[White "gilgue30"]
[Black "reginaldox"]
[Result "1-0"]
[WhiteElo "2067"]
[BlackElo "1795"]

1. e4 c5 2. Nf3 d6 3. d4 Nc6 4. dxc5 Bg4 5. Be2 Nf6 6. Nc3 e6 7. Be3 Be7 8. O-O
O-O 9. Nd4 Bxe2 10. Qxe2 dxc5 11. Nxc6 bxc6 12. f3 Qc7 13. Qf2 Rfd8 14. Rfd1 e5
15. Na4 Nd7 16. Kf1 Rac8 17. b3 Bf8 18. c4 h6 19. Rd2 Be7 20. Rad1 Kf8 21. Rd3
Ke8 22. Qg3 g5 23. Qf2 f6 24. Nc3 Nb6 25. Bxc5 Rxd3 26. Rxd3 Rd8 27. Rxd8+ Qxd8
28. Bxe7 Qxe7 29. Qe3 1-0

[Event "AUTO-ADV-1595"]
[Site "http://www.queenalice.com/game.php?id=776931"]
[Date "2010.5.17"]
[Round "2"]
[White "kasparosaure"]
[Black "gilgue30"]
[Result "0-1"]
[WhiteElo "1989"]
[BlackElo "2037"]

1. c4 e5 2. Nc3 Nc6 3. g3 Nf6 4. Bg2 Be7 5. d3 O-O 6. e4 d6 7. h3 Be6 8. Nge2 h6
9. Be3 Qd7 10. f4 exf4 11. Nxf4 Ne5 12. Nxe6 fxe6 13. O-O Nh7 14. Qh5 Nf6 15.
Qe2 a6 16. d4 Nc6 17. Qd2 Nh7 18. a3 Bg5 19. Kh2 Bxe3 20. Qxe3 e5 21. dxe5 Nxe5
22. Qd4 Ng5 23. Qd5+ Kh8 24. Qxb7 Rfb8 25. Qd5 c6 26. Qd4 Rxb2 27. Rf2 Nef3+ 28.
Kh1 Nxd4 29. Rxb2 Rf8 30. Rab1 Nxh3 31. Bxh3 Qxh3+ 32. Rh2 Rf1+ 33. Rxf1 Qxf1#
0-1

[Event "AUTO-ADV-1595"]
[Site "http://www.queenalice.com/game.php?id=776932"]
[Date "2010.5.17"]
[Round "2"]
[White "gilgue30"]
[Black "kasparosaure"]
[Result "1-0"]
[WhiteElo "2017"]
[BlackElo "2025"]

1. e4 Nf6 2. Nc3 d5 3. exd5 Nxd5 4. Bc4 Nxc3 5. bxc3 Nc6 6. Nf3 e6 7. O-O Bd6 8.
d4 O-O 9. Bd3 b6 10. Ng5 g6 11. Re1 a5 12. Qf3 Bb7 13. Qh3 h5 14. g4 Kg7 15.
gxh5 Rh8 16. h6+ Kf8 17. Nxf7 Kxf7 18. Qxe6+ Kf8 19. Bxg6 Qe7 20. Qf5+ Kg8 21.
Rxe7 Nxe7 22. Qf7# 1-0